Mapa de las provincias de España en 1800 - Estadísticas

Estadísticas generales
  • Esta prueba ha sido intentada 203 veces
    202 desde el último reinicio
  • La puntuación promedio es 30 de 34
Respuestas en el mapa
Las respuestas están codificadas por una escala verde-roja en el mapa de la prueba según el % correcto abajo.
 
Estadísticas de respuestas
Respuesta % Correcto
Murcia
100%
Valencia
100%
Aragón
99%
Asturias de Oviedo
99%
Cataluña
99%
Córdoba
99%
Galicia
99%
Granada
99%
Jaén
99%
León
99%
Sevilla
99%
Toledo
99%
Burgos
98%
Extremadura
98%
Islas Baleares
98%
Islas Canarias
98%
Navarra
98%
Salamanca
98%
Valladolid
98%
Madrid
97%
Zamora
97%
Cuenca
96%
Álava
95%
Ávila
94%
Palencia
92%
Segovia
92%
Soria
92%
Vizcaya
91%
Guipúzcoa
90%
Guadalajara
87%
Toro
60%
La Mancha
47%
Molina
24%
Nuevas Poblaciones
17%
No se encontraron pruebas coincidentes
Distribución de puntuación
Porcentaje de gente con cada puntuación
Porcentaje por número respondido
Historial de tus puntuaciones
No has intentado esta prueba desde el último reinicio